Find the TV Detective Cars Quiz Stats

 Plays Quiz not verified by Sporcle

Score 0/12 Timer 03:00
0 Plays Today
% Correct
KITT
Knight Rider (1982)
95.1%
Ferrari 308 GTS
Magnum, P.I. (1980)
93.7%
Ford Gran Torino
Starky and Hutch (1975)
89.7%
Porsche 911S
The Bridge (2011)
88.9%
Citroën DS 21 Pallas
The Mentalist (2008)
82.9%
Ferrari Daytona Spyder 365 GTS4
Miami Vice (1984)
82.1%
Peugeot 403 Convertible
Columbo (1968)
81.3%
Jaguar Mark II
Inspector Morse (1987)
81.3%
Pontiac Firebird Esprit
The Rockford Files (1974)
81.2%
Plymouth Barracuda
Nash Bridges (1996)
78.6%
Triumph Roadster
Bergerac (1981)
66.7%
Volvo P1800
The Saint (1962)
59.9%

You're not logged in!

Compare scores with friends on all Sporcle quizzes.
OR
Log In

Show Comments

Extras

Top Quizzes Today


Score Distribution

Your Account Isn't Verified!

In order to create a playlist on Sporcle, you need to verify the email address you used during registration. Go to your Sporcle Settings to finish the process.

Report this User

Report this user for behavior that violates our Community Guidelines.

Details: